1: Le vie della piena realizzazione sessuale /

Gespeichert in:
Bibliographische Detailangaben
1. Verfasser: Zwang, Gérard (Verfasst von)
Weitere Verfasser: Valli, Paolo
Format: Buch
Sprache:Italienisch
Veröffentlicht: Roma : Astrolabio, \1974!
Tags: Tag hinzufügen
Keine Tags, Fügen Sie das erste Tag hinzu!

MARC

LEADER 00000nam a22000007ib4500
001 IT\ICCU\BRI\0020720
003 ItRI
005 20250727171014.0
008 951117s1974 it |||||| ||||| |||||c
040 |b ita  |c ct 
041 7 |a ita  |2 ISO-639-2 
100 1 |a Zwang, Gérard  |0 IT\ICCU\CFIV\093569  |4 aut 
245 1 6 |a 1: Le vie della piena realizzazione sessuale /  |c Gerard Zwang. 
260 |a Roma :  |b Astrolabio,  |c \1974! 
300 |a 534 p. ;  |c 21 cm 
500 |a Trad. di Paolo Valli. 
500 |a Traduttore 
700 1 |a Valli, Paolo  |0 IT\ICCU\SBLV\052944 
773 0 |w IT\ICCU\BRI\0020721  |t La funzione erotica  |g 1  |a Zwang, Gérard  |0 IT\ICCU\CFIV\093569 
942 |2 ddc  |c BK 
952 |0 0  |1 0  |2 ddc  |4 0  |6 B_SSA03ZWAGEFUN11_01_000000000000000  |7 0  |9 8498  |a MI  |b MI  |d 2006-01-07  |i 1450  |l 0  |o B-SSA03-ZWAGE-FUN11.01  |p CDOM1450  |r 2025-07-17 21:50:29  |w 2025-07-17  |y BK 
981 1 |6 z01  |a i   |b xxxe  
982 1 |6 z01  |a n 
999 |c 7079  |d 7079